Wordt geladen...
Annual report 1985
| Hoofdauteur: | |
|---|---|
| Andere auteurs: | |
| Formaat: | Report |
| Gepubliceerd in: |
Kasaragod
Central plantation crops research institute
|
| LEADER | 00503nam a22001577a 4500 | ||
|---|---|---|---|
| 003 | OSt | ||
| 082 | |a CPCR |b AR 1985 | ||
| 100 | |a Bavappa ahemmad | ||
| 245 | |a Annual report 1985 | ||
| 260 | |a Kasaragod |b Central plantation crops research institute | ||
| 300 | |a 212 | ||
| 546 | |a English | ||
| 700 | |a Nair mk,kumar prem | ||
| 942 | |2 ddc |c REP | ||
| 999 | |c 155225 |d 155225 | ||
| 952 | |0 0 |1 0 |2 ddc |4 0 |6 CPCR_AR_1985_000000000000000 |7 1 |9 154288 |a KAUCLV |b KAUCLV |c REPORTS |d 2017-04-19 |o CPCR AR 1985 |p 808362 |r 2017-04-19 |w 2017-04-19 |y REP | ||